The marriage mess. (Record no. 14609)

000 -LEADER
fixed length control field 00523nam a2200181 a 4500
001 - CONTROL NUMBER
control field :::00012441$&:&@@
003 - CONTROL NUMBER IDENTIFIER
control field OkBaRHE
005 - DATE AND TIME OF LATEST TRANSACTION
control field 20000607103419.0
008 - FIXED-LENGTH DATA ELEMENTS--GENERAL INFORMATION
fixed length control field s1978 j 000 0 eng u
040 ## - CATALOGING SOURCE
Transcribing agency
100 1# - MAIN ENTRY--PERSONAL NAME
Personal name Chick, Jack T.
245 14 - TITLE STATEMENT
Title The marriage mess.
260 ## - PUBLICATION, DISTRIBUTION, ETC. (IMPRINT)
Place of publication, distribution, etc Chino, CA., :
Name of publisher, distributor, etc Chick Publications
Date of publication, distribution, etc c1978
300 ## - PHYSICAL DESCRIPTION
Extent 224 p. : illus. ;
Dimensions 21 cm.
650 ## - SUBJECT ADDED ENTRY--TOPICAL TERM
Topical term or geographic name as entry element Marriage
942 ## - ADDED ENTRY ELEMENTS (KOHA)
Source of classification or shelving scheme
Koha item type Books
Copies
Withdrawn status Permanent Location Barcode Lost status Source of classification or shelving scheme Shelving location Price effective from Full call number Damaged status Koha item type Date acquired Date last seen Not for loan Copy number
 RHEMA Bible Training College12441  General Stacks2010-04-14HQ 734 .C45 Books2010-04-142010-04-14 1